Sostenibilidad del Estado de Bienestar en España (Registro nro. 164383)
[ vista simple ]
| 000 -LEADER | |
|---|---|
| fixed length control field | 01030nam a22002417a 4500 |
| 007 - PHYSICAL DESCRIPTION FIXED FIELD--GENERAL INFORMATION | |
| fixed length control field | cr|||| ||u| |
| 008 - FIXED-LENGTH DATA ELEMENTS--GENERAL INFORMATION | |
| fixed length control field | 160519s2015 sp ||||| |||| 00||0 spa d |
| 020 ## - INTERNATIONAL STANDARD BOOK NUMBER | |
| International Standard Book Number | 978-84-9085-468-6 |
| 035 ## - | |
| -- | 14240 |
| 040 ## - CATALOGING SOURCE | |
| Original cataloging agency | vLex |
| 090 ## - | |
| -- | 6100 |
| -- | 6100 |
| 100 1# - MAIN ENTRY--PERSONAL NAME | |
| Personal name | Rey Pérez, José Luis |
| 245 10 - TITLE STATEMENT | |
| Title | Sostenibilidad del Estado de Bienestar en España |
| Medium | [Recurso electrónico] / |
| Statement of responsibility, etc | José Luis Rey Pérez |
| 256 ## - | |
| -- | Servicio en línea |
| 260 ## - PUBLICATION, DISTRIBUTION, ETC. (IMPRINT) | |
| Place of publication, distribution, etc | España |
| Name of publisher, distributor, etc | Dykinson |
| Date of publication, distribution, etc | 2015 |
| 300 ## - PHYSICAL DESCRIPTION | |
| Extent | 1 recurso electrónico |
| 506 1# - RESTRICTIONS ON ACCESS NOTE | |
| Terms governing access | Contenido solo disponible en los productos indicados |
| Authorized users | vLex Global |
| -- | vLex Global (Academic Edition, excluding Law Schools) |
| -- | vLex Global (U.S. Academic Edition, Law Schools) |
| -- | vLex Global (U.S. Academic Edition, excluding Law Schools) |
| -- | vLex Global (Academic Edition, Law Schools) |
| 650 04 - SUBJECT ADDED ENTRY--TOPICAL TERM | |
| Topical term or geographic name as entry element | Derecho |
| Geographic subdivision | España |
| 740 0# - | |
| -- | vLex libros (servicio en línea) |
| 856 40 - LOCALIZACIÓN Y ACCESO ELECTRÓNICO | |
| Identificador Uniforme del Recurso (URI/URL) | https://app.vlex.com/#/sources/sostenibilidad-estado-bienestar-espa-a-14240 |
| 942 ## - | |
| -- | RAA |
| 999 ## - | |
| -- | 164383 |
| -- | 164383 |
No hay ítems disponibles.